| 000 | 00685nam a2200241 a 4500 | ||
|---|---|---|---|
| 001 | nice12345678 | ||
| 003 | IN_TiNIC | ||
| 005 | 20260116013850.0 | ||
| 008 | 070705s1995 wasa grp 000 0 eng | ||
| 020 |
_a _c600 |
||
| 082 | 0 | 0 |
_a297.55 _bYAM |
| 100 | _aYamba, C Bawa | ||
| 245 |
_aPermanent Pilagrims _b The Lives of Role of Pilgrimage in the Lives of West African Muslim in Sudan |
||
| 260 |
_aWashington _bSmithsonioan Institution _c1995 |
||
| 300 | _a237p | ||
| 500 | _aincludes index and biblioraphy | ||
| 650 | _aIslam-West Africa | ||
| 650 | _aMuslim Pilgrims and Pilgrimage-West | ||
| 700 | 1 | _aYamba, C Bawa | |
| 902 | _bSRS | ||
| 942 | _cBK | ||
| 999 |
_c12854 _d12854 |
||